Routledge Handbook of Highland Asia (Record no. 65338)

MARC details
000 -LEADER
fixed length control field 02791nam a2200205Ii 4500
008 - FIXED-LENGTH DATA ELEMENTS--GENERAL INFORMATION
fixed length control field 221202s xx 000 0 und d
245 #0 - TITLE STATEMENT
Title Routledge Handbook of Highland Asia
264 ## - PRODUCTION, PUBLICATION, DISTRIBUTION, MANUFACTURE, AND COPYRIGHT NOTICE
Name of producer, publisher, distributor, manufacturer Taylor & Francis
Date of production, publication, distribution, manufacture, or copyright notice 2023
300 ## - PHYSICAL DESCRIPTION
Extent 1 online resource (484 pages)
336 ## - CONTENT TYPE
Content type term text
Content type code txt
Source rdacontent
337 ## - MEDIA TYPE
Media type term computer
Media type code c
Source rdamedia
338 ## - CARRIER TYPE
Carrier type term online resource
Carrier type code cr
Source rdacarrier
520 ## - SUMMARY, ETC.
Summary, etc. The Routledge Handbook of Highland Asia is the first comprehensive and critical overview of the ethnographic and anthropological work in Highland Asia over the past half a century. Opening up a grand new space for critical engagement, the handbook presents Highland Asia as a world-region that cuts across the traditional divides inherited from colonial and Cold War area divisions - the Indian Subcontinent/South Asia, Southeast Asia, China/East Asia, and Central Asia. Thirty-two chapters assess the history of research, identify ethnographic trends, and evaluate a range of analytical themes that developed in particular settings of Highland Asia. They cover varied landscapes and communities, from Kyrgyzstan to India, from Bhutan to Vietnam and bring local voices and narratives relating trade and tribute, ritual and resistance, pilgrimage and prophecy, modernity and marginalization, capital and cosmos to the fore. The handbook shows that for millennia, Highland Asians have connected far-flung regions through movements of peoples, goods and ideas, and at all times have been the enactors, repositories, and mediators of world-historical processes. Taken together, the contributors and chapters subvert dominant lowland narratives by privileging primarily highland vantages that reveal Highland Asia as an ecumune and prism that refracts and generates global history, social theory, and human imagination. In the currently unfolding Asian Century, this compels us to reorient and re-envision Highland Asia, in ethnography, in theory, and in the connections between this world-region, made of hills, highlands and mountains, and a planetary context. The handbook reveals both regional commonalities and diversities, generalities and specificities, and a broad orientation to key themes in the region. An indispensable reference work, this handbook fills a significant gap in the literature and will be of interest to academics, researchers and students interested in Highland Asia, Zomia Studies, Anthropology, Comparative Politics, Conceptual History and Sociology, Southeast Asian Studies, Central Asian Studies and South Asian Studies as well as Asian Studies in general.
653 ## - INDEX TERM--UNCONTROLLED
Uncontrolled term Ethnic Studies
653 ## - INDEX TERM--UNCONTROLLED
Uncontrolled term Regional Studies
700 1# - ADDED ENTRY--PERSONAL NAME
Personal name Heneise, Michael T.
700 1# - ADDED ENTRY--PERSONAL NAME
Personal name Wouters, Jelle J.P.
856 ## - ELECTRONIC LOCATION AND ACCESS
Uniform Resource Identifier <a href="https://library.oapen.org/handle/20.500.12657/57600">https://library.oapen.org/handle/20.500.12657/57600</a>
942 ## - ADDED ENTRY ELEMENTS (KOHA)
Koha item type E-Book
Holdings
Withdrawn status Damaged status Not for loan Home library Current library Date acquired Total Checkouts Date last seen Price effective from Koha item type
      Directory of Open Access Books Directory of Open Access Books 11/28/2022   11/28/2022 11/28/2022 E-Book

University of Rizal System
Email us at univlibservices@urs.edu.ph

Visit our Website www.urs.edu.ph/library